Enterprise risk management (Record no. 3176)

MARC details
000 -LEADER
fixed length control field 00850nam a22002297a 4500
003 - CONTROL NUMBER IDENTIFIER
control field OSt
005 - DATE AND TIME OF LATEST TRANSACTION
control field 20250620071113.0
008 - FIXED-LENGTH DATA ELEMENTS--GENERAL INFORMATION
fixed length control field 250619b |||||||| |||| 00| 0 eng d
020 ## - INTERNATIONAL STANDARD BOOK NUMBER
International Standard Book Number 978-621-427-234-1
040 ## - CATALOGING SOURCE
Original cataloging agency DWCL - Main lib
Transcribing agency OC
082 ## - DEWEY DECIMAL CLASSIFICATION NUMBER
Classification number Fil. 658.155 M539e 2025
100 ## - MAIN ENTRY--PERSONAL NAME
Personal name Mendoza, Ernesto H.
245 ## - TITLE STATEMENT
Title Enterprise risk management
Remainder of title creating stronger governance and competitive edge/
Statement of responsibility, etc. Ernesto H. Mendoza & Lorma S.P Garcia
250 ## - EDITION STATEMENT
Edition statement Second edition
260 ## - PUBLICATION, DISTRIBUTION, ETC.
Place of publication, distribution, etc. Intramuros, Manila:
Name of publisher, distributor, etc. Unlimited Books Library Services & Publishing Inc.,
Date of publication, distribution, etc. c2025.
300 ## - PHYSICAL DESCRIPTION
Extent xi, 334 pages:
Other physical details illustrations;
Dimensions 25cm.
504 ## - BIBLIOGRAPHY, ETC. NOTE
Bibliography, etc. note Includes glossary and bibliographical references.
650 ## - SUBJECT ADDED ENTRY--TOPICAL TERM
Topical term or geographic name entry element 1. Risk management.
650 ## - SUBJECT ADDED ENTRY--TOPICAL TERM
Topical term or geographic name entry element 2. Business management.
700 ## - ADDED ENTRY--PERSONAL NAME
Personal name Garcia, Lorma S.P
942 ## - ADDED ENTRY ELEMENTS (KOHA)
Source of classification or shelving scheme Dewey Decimal Classification
Koha item type Book-Filipiniana
Edition Second edition
Call number prefix Fil
Suppress in OPAC No
952 ## - LOCATION AND ITEM INFORMATION (KOHA)
--
Holdings
Withdrawn status Lost status Source of classification or shelving scheme Damaged status Not for loan Home library Current library Shelving location Date acquired Source of acquisition Cost, normal purchase price Total Checkouts Full call number Barcode Date last seen Copy number Price effective from Koha item type Uniform Resource Identifier
    Dewey Decimal Classification     College Library College Library Filipiniana 05/08/2025 School Fund 650.00   Fil. 658.155 M539e 2025 54506 06/19/2025 c1 06/19/2025 BK - FIL